| 000 | 00746nam a22002297a 4500 | ||
|---|---|---|---|
| 001 | 86023 | ||
| 003 | BD-RjUL | ||
| 005 | 20251203094225.0 | ||
| 008 | 251203s1998 us ||||| e||| 00| 0 eng d | ||
| 035 | _a(BD-RjUL)86023 | ||
| 040 |
_aBD-RjUL _beng _cBD-RjUL _dDLC _eDLC |
||
| 041 | _aeng | ||
| 082 |
_223 _a382.03 _bENC 1998 |
||
| 245 |
_aInternational Encyclopaedia of Marketing, _bMarketing Research _cEdited by, A. S. Bhamhra, A. K. Chaudhary |
||
| 260 |
_aNew Delhi _bAnmol Publications Pvt. LTD. _c1998 |
||
| 300 |
_a282 page, _c16 cm. |
||
| 504 | _aBibliography note,V-1, 2, 3, 4, 5, | ||
| 650 |
_aEncyclopaedia _vInternational _917452 |
||
| 700 |
_aBhamhra, A. S. Edited by _917453 |
||
| 700 |
_aChaudhary, A. K. _917454 |
||
| 942 |
_2ddc _cBK |
||
| 999 |
_c86023 _d86023 |
||